[Event "Cagliari Alfa Lum op-A 2nd"]
[Site "Cagliari"]
[Date "2010.09.03"]
[Round "2"]
[White "Mallo, Danilo"]
[Black "Pannella, Antonello"]
[Result "1-0"]
[WhiteElo "1942"]
[BlackElo "1535"]
[PlyCount "65"]
[EventDate "2010.09.03"]
[EventType "swiss"]
[EventRounds "6"]
[EventCountry "ITA"]
[SourceTitle "EXT 2024"]
[Source "ChessBase"]
[SourceDate "2023.10.10"]
[SourceVersion "1"]
[SourceVersionDate "2023.10.10"]
[SourceQuality "1"]

1. d4 f5 2. g3 Nf6 3. Bg2 Nc6 4. d5 Ne5 5. Nc3 d6 6. Nh3 g6 7. f4 Nf7 8. Qd3 Bg7 9. Nf2 0-0 10. Bd2 Re8 11. 0-0-0 Bd7 12. h3 a6 13. e4 b5 14. exf5 Bxf5 15. Nce4 Nxe4 16. Bxe4 Bxe4 17. Qxe4 Qd7 18. g4 e6 19. Rhe1 e5 20. f5 g5 21. h4 Qe7 22. Nh3 h6 23. hxg5 hxg5 24. Rh1 Bh6 25. Rdf1 Qf6 26. Nf2 Kg7 27. Rh5 Rh8 28. Qf3 Kf8 29. Ne4 Qd8 30. Rfh1 Rc8 31. Nxg5 Qf6 32. Ne6+ Ke7 33. Rxh6 1-0